000
00328 a2200109 4500
001
ART_26481
005
20260410161933.0
008
260409a
245
1
0
_a
Los proyectos de inversión y su evaluación global
100
1
_a
Polanski, Miguel A.
773
0
_t
Informe
_g
- Año II, Nº 18 (dic. 1970)
_w
REV23765
999
_c
28789
_d
28789